[Event "BL2-West 1314"]
[Site "Germany"]
[Date "2014.01.19"]
[Round "5.6"]
[White "Roeder, Mathias"]
[Black "Stewart, Neil"]
[Result "1/2-1/2"]
[WhiteElo "2419"]
[BlackElo "2265"]
[PlyCount "70"]
[EventDate "2013.10.13"]
[EventType "team-tourn"]
[EventRounds "9"]
[EventCountry "GER"]
[SourceTitle "EXT 2015"]
[Source "ChessBase"]
[SourceDate "2014.11.20"]
[SourceVersion "1"]
[SourceVersionDate "2014.11.20"]
[SourceQuality "1"]
[WhiteTeam "Aachen Aufwaerts"]
[BlackTeam "Koblenz"]
[WhiteTeamCountry "GER"]
[BlackTeamCountry "GER"]

1. Nf3 d5 2. c4 c6 3. e3 Nf6 4. Nc3 Bg4 5. cxd5 cxd5 6. Qb3 Nc6 7. Qxb7 Bd7 8. Qb3 Rb8 9. Qd1 e5 10. d4 Bd6 11. dxe5 Nxe5 12. Be2 0-0 13. 0-0 Qc7 14. h3 Rb6 15. a4 Rd8 16. Nb5 Nxf3+ 17. Bxf3 Bxb5 18. axb5 Rxb5 19. Qa4 Rb7 20. Bd2 Qe7 21. Bc3 Be5 22. Qa5 Bxc3 23. Qxc3 Ne4 24. Bxe4 dxe4 25. Rfd1 Rxd1+ 26. Rxd1 h6 27. Qc8+ Kh7 28. Rd8 Rxb2 29. Rh8+ Kg6 30. Qg4+ Qg5 31. Qxe4+ Qf5 32. Qc6+ Qf6 33. Qe4+ Qf5 34. Qc6+ Qf6 35. Qe4+ Qf5 1/2-1/2